000 00386nam a2200121Ia 4500
008 220217s9999 xx 000 0 und d
245 0 _aStyrene-butadiene copolymers- Determination of bound styrene content
260 _aSwitzerland
260 _c1975
_bInternational Standards Organisation
500 _aStandard number: ISO 2453
650 _aStyrene-butadiene copolymers
942 _cST
999 _c74093
_d74093